Living in the environment

Сохранить в:
Библиографические подробности
Главные авторы: Miller, George Tyler (autor), Spoolman, Scott E (Автор)
Формат:
Язык:английский
Опубликовано: Stamford Cengage Learning 2015
Редактирование:18a. ed
Предметы:
Метки: Добавить метку
Нет меток, Требуется 1-ая метка записи!

MARC

LEADER 00000cam a2200000 a 4500
001 UCE6733
003 CL-VaPUC
008 150430e20150000us |||||||||||||||||eng|d
020 |a 9781285197210 
082 0 4 |a 363.7  |b MIL  |2 21 
100 |a Miller, George Tyler  |e autor  |9 572632 
700 0 |a Spoolman, Scott E  |e author  |9 579317 
245 1 0 |a Living in the environment 
250 |a 18a. ed 
300 |a 703 p 
942 |c BK 
945 |d 20150430 00:23:00  |a arojas 
260 |a Stamford  |b Cengage Learning  |c 2015 
650 7 |a CIENCIAS AMBIENTALES  |2 CL-VaPUC  |9 344897 
650 0 |a Ecología humana   |9 263207 
650 7 |a CONTAMINACION  |2 CL-VaPUC  |9 258139 
650 0 |a Medio ambiente  |9 257625 
650 0 |a Libros de texto  |9 270019 
583 |a last modification  |c 20171117 10:06:30  |k Rodrigo Vera 
999 |c 358930  |d 358928 
952 |0 0  |1 0  |3 erd  |4 0  |6 363_700000000000000_MIL_2015  |7 0  |8 A  |9 467896  |a BIBAGR  |b BIBAGR  |i 514731K  |o 363.7 MIL 2015  |p 514731K  |r 2025-01-20  |w 2019-11-23  |y BK  |z Catalogado en:20150430  |k AGR